La religiosa y los ancianos / (Record no. 126194)

MARC details
000 -LEADER
campo de control de longitud fija 00533nam a2200169 4500
001 - NÚMERO DE CONTROL
campo de control 126194
003 - IDENTIFICADOR DE NÚMERO DE CONTROL
campo de control ES-MaACL
005 - FECHA Y HORA DE LA ÚLTIMA TRANSACCIÓN
campo de control 20230906192755.0
007 - CAMPO FIJO DE DESCRIPCIÓN FÍSICA--INFORMACIÓN GENERAL
campo de control de longitud fija t|
008 - DATOS DE LONGITUD FIJA--INFORMACIÓN GENERAL
campo de control de longitud fija 070214s1966 sp r ||||1| spa d
245 03 - MENCIÓN DEL TÍTULO
Título La religiosa y los ancianos /
Mención de responsabilidad, etc. en colaboración S. Exc. Mgr. Paul Gouyon... [et al.] ; [versión por Jesús Areso, S. J.].
260 ## - PUBLICACIÓN, DISTRIBUCIÓN, ETC.
Lugar de publicación, distribución, etc. Bilbao :
Nombre del editor, distribuidor, etc. Mensajero,
Fecha de publicación, distribución, etc. 1966.
300 ## - DESCRIPCIÓN FÍSICA
Extensión 182 p. ;
Dimensiones 20 cm.
700 1# - ENTRADA AGREGADA--NOMBRE PERSONAL
Nombre de persona Gouyon, Paul.
9 (RLIN) 59376
700 1# - ENTRADA AGREGADA--NOMBRE PERSONAL
Nombre de persona Areso, Jesús.
9 (RLIN) 22637
852 ## - LOCALIZACIÓN
Ubicación ES-MaACL
Número de control de estantería C-31324
Sublocalización o colección R.61895
Holdings
Estatus retirado Estado de pérdida Estado de daño No para préstamo Biblioteca de origen Biblioteca actual Ubicación en estantería Fecha de adquisición Fuente de adquisición Total de préstamos Signatura topográfica completa Código de barras Visto por última vez Precio de reemplazo Tipo de ítem Koha
        Biblioteca del Ateneo de Madrid Biblioteca del Ateneo de Madrid Depósito 2 17/01/2008     C-31324 1131443 23/02/2023 23/02/2023 Libro impreso